00921nam a2200265Ia 450000500170000000800410001702000180005810000240007624500790010025000360017930000260021550000420024153400290028365000350031265000390034765000400038665000270042670000370045326400310049033600270052133700330054833800280058104000350060908400110064420220317001443.0161108s2006 ck g 000 f s  a97895863930031 aFollett, Kend1949-14aLos pilares de la tierracken Follet ; traducción de Rosalía Vázquez a1a. edición, 4a reimpresión a1039 páginasc19 cm aIncluye datos biográficos del autor bThe pillars of the earth142LEMBaNovela inglesaySiglo XX142LEMBaLiteratura inglesaySiglo XX142LEMBaCivilizacion medievalvNovela142LEMBaNovela historica1 aVázquez, Rosalíaetraductora aBogotábDebolsilloc2006 atextobtxt2rdacontent asin mediaciónbn2rdamedia avolumenbnc2rdacarrier aCO-BoRNBPbspaerdacCO-BoRNBP aN FOL1